|
|
|
|
| LEADER |
00848nam a22002171 4500 |
| 001 |
c000364751 |
| 003 |
CARM |
| 005 |
00000000000000.0 |
| 008 |
851211s1961 nyu 0 eng d |
| 019 |
1 |
|
|a 4159401
|5 LACONCORD2021
|
| 035 |
|
|
|a (OCoLC)2225954
|5 LACONCORD2021
|
| 100 |
1 |
|
|a Keeler, Clyde Edgar.
|
| 245 |
1 |
0 |
|a Apples of immortality from the Cuna tree of life :
|b the study of a most ancient ceremonial and a belief that survived 10,000 years.
|
| 260 |
|
|
|a N.Y. :
|b Exposition Press,
|c 1961.
|
| 490 |
0 |
|
|a Exposition-University book
|
| 650 |
|
0 |
|a Religion.
|
| 650 |
|
0 |
|a Cuna Indians.
|
| 852 |
8 |
|
|b CARM
|h A1:AQ09A0
|i B07362
|p 0346937
|f BK
|
| 082 |
0 |
4 |
|a 572.9862
|
| 999 |
f |
f |
|i e7c36b2f-b055-5508-8681-ac3432bbf6ee
|s ad18a3c6-fa6a-58a5-abbf-bc8fca7b44f4
|
| 952 |
f |
f |
|p Can circulate
|a CAVAL
|b CAVAL
|c CAVAL
|d CARM 1 Store
|e B07362
|f A1:AQ09A0
|h Other scheme
|i book
|m 0346937
|